Les 10 Pays les plus grands par Continents - Statistiques

Statistiques générales
  • Ce quiz a été pris 121 fois
  • Le résultat moyen est 44 sur 60
Réponses sur la Carte
Les réponses sont colorées sur une échelle allant du rouge au vert en fonction du pourcentage des utilisateurs qui les ont devinées à leur premier essai. Vous pouvez retrouver ces pourcentages ci-dessous.
 
Statistiques - réponses
Pays % Correct
Russie
99%
Chine
97%
Brésil
96%
Inde
96%
Canada
95%
États-Unis
95%
Argentine
93%
France
92%
Allemagne
91%
Algérie
89%
Australie
89%
Mexique
89%
Espagne
86%
Chili
85%
Colombie
85%
Pérou
83%
Pologne
82%
République Démocratique du Congo
82%
Ukraine
82%
Venezuela
82%
Italie
79%
Afrique du Sud
78%
Iran
77%
Turquie
77%
Nouvelle-Zélande
76%
Paraguay
76%
Royaume-Uni
76%
Bolivie
75%
Mongolie
75%
Norvège
75%
Kazakhstan
74%
Suède
74%
Arabie Saoudite
73%
Indonésie
72%
Pakistan
72%
Cuba
71%
Équateur
70%
Niger
70%
Libye
68%
Mali
68%
Panama
65%
Soudan
65%
Nicaragua
64%
Guatemala
62%
Roumanie
62%
Costa Rica
61%
Honduras
61%
Guyana
60%
Papouasie-Nouvelle-Guinée
57%
Tchad
55%
Fidji
54%
Éthiopie
52%
République Dominicaine
52%
Tonga
52%
Vanuatu
52%
Angola
51%
Samoa
48%
Îles Salomon
47%
États Fédérés de Micronésie
46%
Kiribati
40%
Aucun quiz correspondant
Distribution des résultats
% des personnes avec chaque résultat
Percentile par nombre de réponses
Votre historique - résultats
Vous n’avez pas pris ce quiz